000 00306nam a2200145Ia 4500
100 _aPew/ John A/ Pew/ S.G.
942 _cBK
654 _acomputer
245 _aInstant Java
260 _bSun Microsoft Systems
_c1999
082 _a5.133
_bPEW/PEW
300 _a275
546 _aENGLISH
999 _c29985
_d29985